O Sol e o Menino dos Pés Frios (Registo nº 3858)

Detalhes MARC
000 -Etiqueta do registo
Cabeçalho 00525cam a2200193 i 4500
005 - Identificador da versão
Campo de controlo 20240813122046.0
100 ## - Dados gerais de processamento
Dados gerais de processamento 20101018d19721973d y0pory5003 ba
102 ## - Pais de publicação ou produção
País de publicação Portugal
101 0# - Língua de publicação
Língua do texto, banda sonora, etc. Português
215 ## - Descrição física 
Indicação específica da natureza do documento e extensão da espécie 119, [6] p. : il., fot.
200 1# - Titulo e menção de responsabilidade
Título próprio O Sol e o Menino dos Pés Frios
Informação de outro título contos
Primeira menção de responsabilidade Matilde Rosa Araújo
Outras menções de responsabilidade Augusto Cabrita
205 ## - Menção da edição
Menção da edição 2ª ed.
210 ## - Publicação, Distribuição, etc. 
Lugar da edição, distribuição, etc. Lisboa
Nome do editor, distribuidor, etc. Edições Ática
Data da publicação, distribuição, etc. 1973
701 #1 - Nome de autor-pessoa física (co-responsabilidade principal)
Palavra de ordem Cabrita
Outra parte do nome não tomada para palavra de ordem Augusto
700 #1 - Nome de autor-pessoa física (responsabilidade principal)
Número de registo de entrada de autoridade 0000300
Palavra de ordem Araújo
Outra parte do nome não tomada para palavra de ordem Matilde Rosa
942 ## - Elementos de entrada adicionados (Koha)
Tipo de item no Koha Livro
Exemplares
Situação do levantamento Origin of item (home branch) (coded) Biblioteca de empréstimo Código de barras Cota Circulation type (not for loan) Tipo de documento Nota do exemplar Damaged status
  Biblioteca Escolar das Vendas Biblioteca Escolar das Vendas BEV199 8POR ARA   Livro Sem mensagem